Catalog

Record Details

Catalog Search



After I'm gone  Cover Image Book Book

After I'm gone / Laura Lippman.

Summary:

Dead is dead. Missing is gone. When Felix Brewer meets nineteen-year-old Bernadette "Bambi" Gottschalk at a Valentine's Day dance in 1959, he charms her with wild promises, some of which he actually keeps. Thanks to his lucrative—if not all legal—businesses, she and their three little girls live in luxury. But on the Fourth of July in 1976, Bambi's comfortable world implodes when Felix, facing prison, vanishes. Though Bambi has no idea where her husband—or his money—might be, she suspects one woman does: his devoted young mistress, Julie. When Julie disappears ten years to the day after Felix went on the lam, everyone assumes she's left to join her old lover—until her remains are discovered in a secluded park. Now, twenty-six years later, Roberto "Sandy" Sanchez, a retired Baltimore detective working cold cases for some extra cash, is investigating her murder. What he discovers is a tangled web of bitterness, jealousy, resentment, greed, and longing stretching over five decades. And at its center is the man who, though long gone, has never been forgotten by the five women who loved him: the enigmatic Felix Brewer. Felix Brewer left five women behind. Now there are four. Does at least one of them know the truth?

Record details

  • ISBN: 9780062083395
  • ISBN: 0062083392
  • ISBN: 9780571299676
  • ISBN: 0571299679
  • ISBN: 9780062371980
  • ISBN: 0062371983
  • ISBN: 9780062083418
  • ISBN: 0062083414
  • Physical Description: 334 pages ; 23 cm.
  • Edition: First edition, advance reader's edition.
  • Publisher: New York, NY : William Morrow, An Imprint of HarperCollinsPublishers, 2014.
Subject: Police > Maryland > Baltimore > Fiction.
Kidnapping > Fiction.
Cold cases (Criminal investigation) > Fiction.
Fourth of July > Fiction.
Secrets > Fiction.
Criminal investigation > Fiction.
Valentine's Day > Fiction.
Baltimore (Md.) > Fiction.
Genre: Mystery fiction.
Suspense fiction.
Thrillers (Fiction)

Available copies

  • 1 of 1 copy available at scottsboropl.

Holds

  • 0 current holds with 1 total copy.
Show Only Available Copies
Location Call Number / Copy Notes Barcode Shelving Location Status Due Date
scottsboropl F Lip 32269000938327 Adult - Fiction Available -

LDR 02337cam a2200337Ii 4500
001136205
003SBPL
00520160209121825.0
008131028s2014 oru 000 1 eng
020 . ‡a9780062083395 ‡q(cloth)
020 . ‡a0062083392 ‡q(cloth)
020 . ‡a9780571299676
020 . ‡a0571299679
020 . ‡a9780062371980
020 . ‡a0062371983
020 . ‡a9780062083418
020 . ‡a0062083414
035 . ‡a(CONS)136205
035 . ‡a(OCoLC)843955857 ‡z(OCoLC)850221424 ‡z(OCoLC)861621397 ‡z(OCoLC)864546586 ‡z(OCoLC)906788447 ‡z(OCoLC)1060743316 ‡z(OCoLC)1255444645 ‡z(OCoLC)1492699448
05000. ‡aPS3562.I586 ‡bA69 2014
1001 . ‡aLippman, Laura, ‡d1959-: ‡eauthor
24510. ‡aAfter I'm gone / ‡cLaura Lippman.
246 0. ‡aAfter I am gone.
250 . ‡aFirst edition, advance reader's edition.
264 1. ‡aNew York, NY : ‡bWilliam Morrow, An Imprint of HarperCollinsPublishers, ‡c2014.
300 . ‡a334 pages ; ‡c23 cm.
336 . ‡atext ‡2rdacontent
337 . ‡aunmediated ‡2rdamedia
338 . ‡avolume ‡2rdacarrier
520 . ‡aDead is dead. Missing is gone. When Felix Brewer meets nineteen-year-old Bernadette "Bambi" Gottschalk at a Valentine's Day dance in 1959, he charms her with wild promises, some of which he actually keeps. Thanks to his lucrative—if not all legal—businesses, she and their three little girls live in luxury. But on the Fourth of July in 1976, Bambi's comfortable world implodes when Felix, facing prison, vanishes. Though Bambi has no idea where her husband—or his money—might be, she suspects one woman does: his devoted young mistress, Julie. When Julie disappears ten years to the day after Felix went on the lam, everyone assumes she's left to join her old lover—until her remains are discovered in a secluded park. Now, twenty-six years later, Roberto "Sandy" Sanchez, a retired Baltimore detective working cold cases for some extra cash, is investigating her murder. What he discovers is a tangled web of bitterness, jealousy, resentment, greed, and longing stretching over five decades. And at its center is the man who, though long gone, has never been forgotten by the five women who loved him: the enigmatic Felix Brewer. Felix Brewer left five women behind. Now there are four. Does at least one of them know the truth?
650 0. ‡aPolice ‡zMaryland ‡zBaltimore ‡vFiction.
650 0. ‡aKidnapping ‡vFiction.
650 0. ‡aCold cases (Criminal investigation) ‡vFiction.
650 0. ‡aFourth of July ‡vFiction.
650 0. ‡aSecrets ‡vFiction.
650 0. ‡aCriminal investigation ‡vFiction.
650 0. ‡aValentine's Day ‡vFiction.
651 0. ‡aBaltimore (Md.) ‡vFiction.
655 7. ‡aMystery fiction.
655 7. ‡aSuspense fiction.
655 7. ‡aThrillers (Fiction) ‡2lcgft
901 . ‡a136205 ‡bUnknown ‡c136205 ‡tbiblio

Additional Resources